000 00889cab a2200313 4500
001 ABS52420
008 090401t1995 xxu||||| |||| 00| 0 eng d
035 _a(Sirsi) u76969
041 _aeng
100 _aRidout, G.
245 _aManhattan transfer
260 _c1995
350 _a0
490 _aBuilding
_v260(7882) 3 March 1995, 36-39(4)
520 _aA derelict building used in the past as a factory and offices in Clerkenwell has been converted into Manhattan-style loft apartments.
650 _aALTERNATIVE USES
650 _aCONVERSION
650 _aFACTORIES
650 _aFLATS
650 _aLOFT APARTMENTS
650 _aMBE HOMES
650 _aOFFICES
650 _aPATTERN HOUSE CLERKENWELL
650 _aRESIDENTIAL USE
650 _aWESTCITY PROPERTIES
690 _aBUILT ENVIRONMENT-CONSTRUCTION DESIGN
942 _n0
948 _c04/03/1997
999 _c48361
_d48361